00349nam a2200145Ia 4500008004100000020001800041041000800059082001100067100002600078260003100104245003600135250000600171300000700177650001900184220805s9999 xx 000 0 und d a0-7134 6017 2 aeng a746.92 aIreland, Patrick John aLondonbB T Batsfordc1992 aIntroducation to fashion design a1 a95 aFashion design